00731 2200253 4500001002100000005001700021008004100038035002400079082001300103090002100116245008400137250001100221260003100232300002400263500003700287500002900324650002300353700001700376711003300393850001500426980001500441985000600456999001500462YOGYA-0209000003617620090227025108.0 ind  0010-020900000036176 a613.2082 a613.2082bWanlT aWanita dan nutrisicpenerjemah oleh, Anthony Tan ; Heath Media Nutrition Series aCet. 1 aJakartabBumi Aksarac1996 a87 hlmbilusc21 cm aJudul asli : Women and nutrition aBibliografi : hlm. 79-87 aWanita - Kesehatan aTan, Anthony aHeath Media Nutrition Series aYOPDYOG(B) a11-03-2006 a1 a99P0001335